Tangara de Colombia / (Registro nro. 17841)

Detalles MARC
000 -CABECERA
Campo de control 01074nam a22002897a 4500
005 - FECHA Y HORA DE LA ULTIMA TRANSACCION
Campo de control 20151007104224.0
008 - ELEMENTOS DE LONGITUD FIJA—INFORMACION GENERAL
Campo de control 151007b2013 ck ||||gr|||| 00| 0 spa d
020 ## - ISBN
ISBN 9789589892787
040 ## - FUENTE DE CATALOGACIÓN
Agencia catalogadora original CO-BoIAVH
Agencia transcriptora CO-BoIAVH
041 0# - IDIOMA
Código de idioma para texto/pista de sonido o título separado Español
044 ## - PAÍS DE PUBLICACIÓN
País de publicación Colombia
082 04 - NUMERO DE CLASIFICACION DECIMAL DEWEY
Número de clasificación 598.875
Número del ítem A97t
100 1# - ASIENTO PRINCIPAL--NOMBRE PERSONAL
Nombre personal Ayerbe-Quiñones, Fernando
9 (RLIN) 28188
245 10 - MENCION DE TITULO
Título Tangara de Colombia /
Mención de responsabilidad Fernando Ayerbe Quiñones
250 ## - MENCION DE EDICION
Mención de edición Primera edición
260 ## - PUBLICACION, DISTRIBUCION, ETC. (PIE DE IMPRENTA)
Lugar de publicación, distribución, etc. Bogotá (Colombia):
Nombre del editor, distribuidor, etc. Wildlife Conservation Society,
Fecha de publicación, distribución, etc. 2013.
300 ## - DESCRIPCION FISICA
Extensión 304 páginas :
Otros detalles físicos mapas, ilustraciones y fotografías a color ;
Dimensiones 22 cm.
490 ## - MENCION DE SERIE
Mención de serie Avifauna Colombiana
500 ## - NOTA GENERAL
Nota general Incluye glosario.
504 ## - NOTA DE BIBLIOGRAFIA, ETC.
Nota de bibliografía Incluye referencias bibliográficas (páginas 287-300) e índices.
650 #4 - ASIENTO SECUNDARIO DE MATERIA - TERMINO TEMATICO
Término temático o nombre geográfico como elemento de entrada Tangara
Subdivisión de forma Guía
Subdivisión general Especies
Subdivisión geográfica Colombia
9 (RLIN) 40630
650 #4 - ASIENTO SECUNDARIO DE MATERIA - TERMINO TEMATICO
Término temático o nombre geográfico como elemento de entrada Tangara
Subdivisión de forma Guía
Subdivisión general Ubicación geográfica
Subdivisión geográfica Colombia
9 (RLIN) 40631
650 #4 - ASIENTO SECUNDARIO DE MATERIA - TERMINO TEMATICO
Término temático o nombre geográfico como elemento de entrada Tangara
Subdivisión de forma Guía
Subdivisión general Taxonomía
Subdivisión geográfica Colombia
9 (RLIN) 40632
650 #4 - ASIENTO SECUNDARIO DE MATERIA - TERMINO TEMATICO
Término temático o nombre geográfico como elemento de entrada Tangara
Subdivisión de forma Guía
Subdivisión general Clasificación
Subdivisión geográfica Colombia
9 (RLIN) 40633
650 #6 - ASIENTO SECUNDARIO DE MATERIA - TERMINO TEMATICO
Término temático o nombre geográfico como elemento de entrada Aves
Subdivisión de forma Guía
Subdivisión general Especies
Subdivisión geográfica Colombia
9 (RLIN) 40634
942 ## - ELEMENTOS ADICIONALES (KOHA)
Sistema de clasificación Dewey Decimal Classification
Tipo de ítem Libro
Existencias
Withdrawn status Lost status Sistema de Clasificación Damaged status No para préstamo Colección Inventariado Ubicación Permanente Ubicación actual Fecha de adquisición Fuente de Valor Valor Total Checkouts Número topográfico Inventario / Código de Barras Date last seen Ejemplar Price effective from Forma de adquisición Tipo de material
    Dewey Decimal Classification     General Inventariado 2017 Bogotá Bogotá 07/10/2015 Instituto 39000.00   LB-598.875 A97t 039275 07/10/2015 Ej. 1 07/10/2015   Libro